000 07665nam a22005777a 4500
005 20120209145917.0
010 _aB-473395-421
020 _c120.00
_a9788189020989
035 _aB-473395-421
037 _bब्लूबेरी बुक्स
082 _a
100 _aभारद्वाज, मीनाक्षी
_950774
245 _aएक अकेला यूनीकॉर्न /
_cमीनाक्षी भारद्वाज;सोनाली बिसवास द्वारा चित्रांकित
250 _a2रा संस्क
260 _aनई दिल्ली
_bकथा
_c2009
270 _aए-3 सर्वोदय एनक्लेव, श्री औरोबिन्दो मार्ग
_bनई दिल्ली
_e110017
300 _aअ.पृ.
_bसचित्र
_c25 सेमी (अजिल्द)
700 _aबिसवास, सोनाली
_941293
700 _941305
700 _941360
942 _2ddc
_cCH
_h
_mभारद्वा
999 _c62415
_d62415